LDR 00839naa#a2200169#i#450# 001 RU\\bibl\121510 005 20260502135520.6 011 ## _a0320-3557 100 ## _a20251220b2025####ek#y0rusy0150####ca 102 ## _aRU 200 1# _aВЛИЯНИЕ РАЗМЕРА, ПОЛА И ВОЗРАСТА НА ИНДИВИДУАЛЬНУЮ ИЗМЕНЧИВОСТЬ ЛЕЙКОЦИТАРНОЙ ФОРМУЛЫ ЛЕЩА ABRAMIS BRAMA, ОБИТАЮЩЕГО В ИВАНЬКОВСКОМ ВОДОХРАНИЛИЩЕ _eЖурнальная статья 210 1# _aБорок _cИнститут биологии внутренних вод им. И.Д. Папанина РАН _d2025 215 ## _a12 с. 608 ## _aЖурнальная статья _2local 675 ## _a(Cyprinidae. Карповые). 597.554.3 _z 700 #1 _aСуворова _gТ. Н. 856 4# _aibiw.editorum.ru _u